|
|
|
|
| LEADER |
00000cas a2200000 a 4500 |
| 001 |
vtls001398265 |
| 003 |
SK-MaSNL |
| 005 |
20260228160151.0 |
| 008 |
210427d19281939xo ar 5 0 0b0slo |
| 035 |
|
|
|a SNK000352692
|
| 040 |
|
|
|a SNK
|b slo
|c SNK
|e AACR2
|
| 041 |
0 |
|
|a slo
|
| 044 |
|
|
|a xo
|c SK
|
| 072 |
|
7 |
|a 050
|x Seriálové publikácie. Periodiká
|2 konspekt
|
| 072 |
|
7 |
|a 316
|x Sociológia
|2 konspekt
|
| 072 |
|
7 |
|a 82
|x Literatúra. Literárny život
|2 konspekt
|
| 080 |
|
|
|a 050
|2 2011
|
| 080 |
|
|
|a (059)
|2 2011
|
| 080 |
|
|
|a 316.728
|2 2011
|
| 080 |
|
|
|a 82
|2 2011
|
| 245 |
0 |
0 |
|a Kalendár Slovenského denníka na rok ...
|
| 246 |
1 |
3 |
|a Kalendár na obyčajný rok ...
|f 1929
|f 1930
|f 1931
|f 1932
|f 1933
|f 1934
|f 1935
|f 1937
|
| 246 |
1 |
3 |
|a Kalendár na priestupný rok ...
|f 1938
|f 1939
|
| 246 |
1 |
3 |
|a Kalendár na rok ...
|f 1928
|f 1936
|
| 260 |
|
|
|a Bratislava
|b [Republikánska strana poľnohospodárskeho a maloroľníckeho ľudu]
|c 1928-1939
|f Slovenská kníhtlačiareň
|
| 300 |
|
|
|a 12 zv.
|c 24 cm
|
| 310 |
|
|
|a 1x ročne
|
| 362 |
0 |
|
|a 1928-1939
|z Bg. slov. a inorečových kalendárov
|
| 500 |
|
|
|a Súčasťou názvových údajov je označenie roku
|
| 500 |
|
|
|a Hlavičkový kalendár časopisu Slovenský denník, orgánu Republikánskej strany poľnohospodárskeho a maloroľníckeho ľudu
|
| 500 |
|
|
|a Názov z obalu
|
| 500 |
|
|
|a Popis podľa: Rok 1929
|
| 650 |
0 |
7 |
|a spoločenský život
|2 SNKPH
|9 28654
|
| 650 |
0 |
7 |
|a literatúra
|2 SNKPH
|9 1427
|
| 655 |
|
7 |
|a textové kalendáre
|2 SNKPH
|9 60816
|
| 910 |
|
|
|a snk
|
| 916 |
|
|
|a 1929
|
| 999 |
|
|
|c 1791
|d 3721
|
| 952 |
|
|
|0 0
|1 0
|4 0
|7 0
|8 3
|a SNK
|b SNK
|d 2000-10-19
|f 1
|i snkČSK 49/57
|l 0
|o snkČSC 797/1929
|p 17A0254904
|r 2005-01-02 00:00:00
|w 2026-02-21
|y PREZ
|